000 00178nam a2200073Ia 4500
008 170620s9999 xx 000 0 und d
100 _aP.N ARORA
245 0 _aBUSINESS STATISTICS
260 _bN-DELHI SULTAN CHAND
999 _c30173
_d30173